Human resources management (Record no. 42621)

MARC details
000 -LEADER
fixed length control field 00461nam a2200169Ia 4500
020 ## - INTERNATIONAL STANDARD BOOK NUMBER
ISBN 812612234X
082 ## - DEWEY DECIMAL CLASSIFICATION NUMBER
Classification number 658.3
Item number VED
100 ## - MAIN ENTRY--AUTHOR NAME
Personal name Ved Prakash
245 #0 - TITLE STATEMENT
Title Human resources management
260 ## - PUBLICATION, DISTRIBUTION, ETC. (IMPRINT)
Place of publication New Delhi
Name of publisher Anmol Publications
Year of publication 2005
650 ## - SUBJECT ADDED ENTRY--TOPICAL TERM
Topical Term Human relations management
650 ## - SUBJECT ADDED ENTRY--TOPICAL TERM
Topical Term Human resource development
650 ## - SUBJECT ADDED ENTRY--TOPICAL TERM
Topical Term Man power planning
650 ## - SUBJECT ADDED ENTRY--TOPICAL TERM
Topical Term Personal management
942 ## - ADDED ENTRY ELEMENTS (KOHA)
Koha item type Books
Holdings
Withdrawn status Lost status Damaged status Not for loan Home library Current library Date acquired Cost, normal purchase price Full call number Accession Number Koha item type
        RRII Library RRII Library 16/12/2021 700.00 658.3 VED 22890 Books